[Event "PNWCC Online Masters"]
[Site "Chess.com INT"]
[Date "2020.05.25"]
[Round "9.24"]
[White "Vivekananthan, Anish"]
[Black "Wilson, Ronen"]
[Result "1-0"]
[WhiteElo "2239"]
[BlackElo "1909"]
[PlyCount "159"]
[EventDate "2020.05.23"]
[EventType "swiss (rapid)"]
[EventRounds "9"]
[EventCountry "USA"]
[SourceTitle "CBM 196 Extra"]
[Source "ChessBase"]
[SourceDate "2020.07.31"]
[SourceVersion "1"]
[SourceVersionDate "2020.07.31"]
[SourceQuality "1"]

1. Nf3 d5 2. g3 Nf6 3. c4 c6 4. Bg2 Bf5 5. 0-0 e6 6. cxd5 cxd5 7. Nc3 Nc6 8. d3 Be7 9. Nh4 Bg6 10. Qb3 a6 11. e4 dxe4 12. Nxg6 hxg6 13. dxe4 0-0 14. Rd1 Qc7 15. Bf4 e5 16. Be3 Na5 17. Qc2 Rac8 18. Bh3 Rcd8 19. Qe2 Nc4 20. Bg5 b5 21. a4 Qb7 22. axb5 axb5 23. b3 Nd6 24. Bg2 Rc8 25. Bxf6 gxf6 26. Nd5 Rfd8 27. h4 Rc5 28. h5 Kg7 29. Qe3 Ne8 30. b4 Rc7 31. hxg6 fxg6 32. Nxc7 Rxd1+ 33. Rxd1 Qxc7 34. Ra1 Nd6 35. Ra7 Nb7 36. Qd2 Qb8 37. Ra6 Qd8 38. Qa2 Bxb4 39. Ra8 Qd1+ 40. Bf1 Nd8 41. Qa7+ Kf8 42. Qb6 Be7 43. Qxb5 Qd4 44. Ra4 Qc5 45. Qb3 Qc6 46. Bb5 Qe6 47. Bc4 Qc6 48. Bd5 Qc7 49. Kg2 Kg7 50. Ra1 Qc5 51. Qd1 Nf7 52. Bxf7 Kxf7 53. Qb3+ Kg7 54. Rd1 Qc6 55. Qd5 Qxd5 56. Rxd5 Kf7 57. g4 Ke6 58. Ra5 Bb4 59. Ra6+ Kf7 60. Kf1 Bd2 61. Ke2 Bg5 62. Kd3 Kg7 63. Ra1 Bh4 64. f3 Kh6 65. Rh1 Kg5 66. Ke2 Bg3 67. Rh3 Bf4 68. Kd3 f5 69. gxf5 gxf5 70. Rh8 fxe4+ 71. fxe4 Kf6 72. Kc4 Ke6 73. Ra8 Kd6 74. Ra6+ Ke7 75. Kd5 Kd7 76. Ra7+ Kd8 77. Ke6 Kc8 78. Rd7 Bg3 79. Rd5 Kc7 80. Rxe5 1-0

[Event "Wch U10"]
[Site "Santiago de Compostela"]
[Date "2018.11.12"]
[Round "8"]
[White "Wilson, Ronen"]
[Black "Bialiauski, Artsiom"]
[Result "1/2-1/2"]
[WhiteElo "1761"]
[BlackElo "1791"]
[PlyCount "111"]
[EventDate "2018.11.04"]
[EventType "swiss"]
[EventRounds "11"]
[EventCountry "ESP"]
[SourceTitle "EXT 2022"]
[Source "ChessBase"]
[SourceDate "2021.10.06"]
[SourceVersion "1"]
[SourceVersionDate "2021.10.06"]
[SourceQuality "1"]

1. e4 e5 2. Nf3 Nc6 3. d4 exd4 4. Nxd4 Nf6 5. Nxc6 bxc6 6. e5 Qe7 7. Qe2 Nd5 8. c4 Ba6 9. g3 g6 10. b3 Bg7 11. Bb2 0-0 12. Bg2 Rfe8 13. 0-0 Bxe5 14. Qxe5 Qxe5 15. Bxe5 Rxe5 16. cxd5 Bxf1 17. Kxf1 cxd5 18. f4 Re3 19. Bxd5 Rae8 20. Nd2 Re2 21. Nf3 c6 22. Bc4 Rb2 23. Kg1 d5 24. Bf1 Re3 25. Ne5 Rc3 26. g4 f6 27. Nd7 Kf7 28. g5 fxg5 29. fxg5 Re3 30. Nf6 Re5 31. h4 Kg7 32. Rc1 h6 33. Ng4 Re6 34. Nxh6 Re4 35. Rxc6 Rxh4 36. Bd3 Rh3 37. Rc7+ Kf8 38. Rf7+ Ke8 39. Bb5+ Kd8 40. Rd7+ Kc8 41. Rxd5 Rg3+ 42. Kf1 Rxa2 43. Bc4 Rh3 44. Rc5+ Kd7 45. Kg1 Rg3+ 46. Kf1 Rh3 47. Kg1 Rg3+ 48. Kf1 Rh3 49. Bd5 Rd3 50. Bc6+ Kd6 51. Rc1 Rxb3 52. Nf7+ Ke6 53. Re1+ Kxf7 54. Bd5+ Kf8 55. Bxb3 Ra5 56. Rc1 1/2-1/2